Closest City to 100K by U.S. State - Statistics

General Stats
  • This quiz has been taken 31 times
    8 since last reset
  • The average score is 21 of 49
Answer Stats
State Pop. Answer % Correct
Alaska 31,856 Fairbanks
100%
North Dakota 75,092 Bismarck
67%
Indiana 78,840 Bloomington
67%
Kentucky 76,212 Bowling Green
67%
Vermont 44,528 Burlington
67%
Mississippi 72,823 Gulfport
67%
Kansas 96,207 Lawrence
67%
Montana 77,757 Missoula
67%
Missouri 94,074 O'Fallon
67%
Maine 69,104 Portland
67%
New Mexico 89,167 Santa Fe
67%
Iowa 85,727 Sioux City
67%
Delaware 71,675 Wilmington
67%
Nevada 58,036 Carson City
50%
West Virginia 46,838 Charleston
50%
Wyoming 65,168 Cheyenne
50%
Minnesota 87,680 Duluth
50%
Arkansas 89,770 Fort Smith
50%
Maryland 85,793 Frederick
50%
Alabama 92,448 Hoover
50%
Louisiana 79,633 Lake Charles
50%
Colorado 98,630 Longmont
50%
South Dakota 79,404 Rapid City
50%
New Jersey 89,620 Trenton
50%
North Carolina 95,056 Asheville
33%
Arizona 93,545 Avondale
33%
Florida 99,974 Boca Raton
33%
Idaho 68,336 Caldwell
33%
Illinois 89,189 Champaign
33%
California 99,833 Daly City
33%
Oklahoma 98,103 Edmond
33%
Massachusetts 93,840 Fall River
33%
New Hampshire 91,003 Nashua
33%
Utah 95,519 Orem
33%
Georgia 91,706 Roswell
33%
Oregon 96,945 Beaverton
17%
Nebraska 63,922 Bellevue
17%
Washington 97,701 Federal Way
17%
Tennessee 88,558 Franklin
17%
Wisconsin 98,211 Kenosha
17%
Michigan 92,185 Livonia
17%
South Carolina 95,232 Mount Pleasant
17%
New York 83,742 New Rochelle
17%
Connecticut 92,458 Norwalk
17%
Ohio 78,951 Parma
17%
Pennsylvania 94,903 Reading
17%
Virginia 97,171 Roanoke
17%
Texas 99,262 San Angelo
17%
Rhode Island 82,999 Warwick
17%
No matching quizzes found
Score Distribution
Percent of People with Each Score
Percentile by Number Answered
Your Score History
You have not taken this quiz since the last reset